00262nam a22000857a 4500100001900000245010500019260002600124300000700150650001900157 aHerath,H.M.D.T aChemical Speciation of metals present in drinking water of Chronic Kidney patients in Padaviya area aColombobIchemcc2010 a64 adrinking water